Statistics for Prime Roman Numerals - One Minute Sprint

Click here to take the quiz!

General Stats

  • This quiz has been taken 148 times
  • The average score is 13 of 25

Answer Stats

#% Correct
II
100%
III
99%
V
96%
VII
94%
XI
93%
XIII
88%
XVII
86%
XIX
80%
XXIII
76%
XXXI
70%
XXIX
67%
XXXVII
63%
XLI
52%
XLIII
46%
XLVII
43%
LIII
31%
LXI
26%
LIX
24%
LXVII
18%
LXXI
15%
LXXIII
14%
LXXIX
9%
LXXXIII
6%
LXXXIX
4%
XCVII
2%

Score Distribution

Percentile by Number Answered

Percent of People with Each Score

Your Score History

You have not taken this quiz